000
00255nam a2200097Ia 4500
001
690032
005
20250826161808.0
008
250824s9999 xx 000 0 und d
245
0
_a
YAŞARKEN VE ÖLÜRKEN/S.İLERİ/EVEREST
_c
SELİM İLERİ
260
_b
EVEREST
999
_c
690032
_d
690032